Pays les plus urbanisés - Statistiques

Statistiques générales
  • Ce quiz a été pris 185 fois
  • Le résultat moyen est 10 sur 20
Statistiques - réponses
Taux d'urbanisation (en %) Pays % Correct
100 Monaco
89%
100 Singapour
84%
93,9 Japon
80%
90,4 Luxembourg
71%
94,2 Saint-Marin
70%
97,9 Belgique
66%
91,0 Pays-Bas
64%
99,3 Qatar
62%
98,4 Koweit
52%
95,5 Malte
51%
88,8 Bahreïn
48%
87,8 Danemark
46%
89,6 Australie
41%
92,2 Israel
40%
87,9 Liban
34%
91,9 Argentine
24%
94,2 Islande
24%
95,5 Uruguay
24%
89,7 Chili
22%
89,0 Venezuela
13%
Aucun quiz correspondant
Distribution des résultats
% des personnes avec chaque résultat
Percentile par nombre de réponses
Votre historique - résultats
Vous n’avez pas pris ce quiz